000 00218nam a2200097Ia 4500
008 191206s9999 xx 000 0 und d
090 _aPS3525.I5156C7334
245 0 _aCrucible
260 _aBantam Books
260 _cc1959
999 _c15759
_d15759